Practical problems in advanced management accounting / (Record no. 1102)
[ view plain ]
| 000 -LEADER | |
|---|---|
| fixed length control field | 00668nac a22001811u 4500 |
| 020 ## - INTERNATIONAL STANDARD BOOK NUMBER | |
| International Standard Book Number | 8127205729 |
| 082 ## - DEWEY DECIMAL CLASSIFICATION NUMBER | |
| Classification number | 658.1511 |
| Item number | S5313 |
| 090 ## - LOCALLY ASSIGNED LC-TYPE CALL NUMBER (OCLC); LOCAL CALL NUMBER (OCLC) | |
| -- | 1102 |
| -- | 1102 |
| 100 ## - MAIN ENTRY--PERSONAL NAME | |
| Personal name | Sharma, R. k. |
| 245 ## - TITLE STATEMENT | |
| Title | Practical problems in advanced management accounting / |
| Statement of responsibility, etc | R. k. Sharma, Shashi Gupta. |
| 250 ## - EDITION STATEMENT | |
| Edition statement | 1st ed. |
| 260 ## - PUBLICATION, DISTRIBUTION, ETC. (IMPRINT) | |
| Place of publication, distribution, etc | New Delhi : |
| Name of publisher, distributor, etc | Kalyani publishers, |
| Date of publication, distribution, etc | 2002. |
| 300 ## - PHYSICAL DESCRIPTION | |
| Extent | 1 v. (various pagings) : |
| Other physical details | Diagram, |
| Dimensions | 24 cm. |
| 650 ## - SUBJECT ADDED ENTRY--TOPICAL TERM | |
| Topical term or geographic name as entry element | Managerial accounting. |
| 700 ## - ADDED ENTRY--PERSONAL NAME | |
| Personal name | Gupta, Shashi |
| 942 ## - ADDED ENTRY ELEMENTS (KOHA) | |
| Item type | Book - Borrowing |
| Call number prefix | 658.1511S5313 |
| Withdrawn status | Item status | Source of classification or shelving scheme | Damaged status | Not for loan | Vendor | Home library | Current library | Shelving location | Date acquired | Source of acquisition | Cost, normal purchase price | Total Checkouts | Full call number | Barcode | Date last seen | Cost, replacement price | Koha item type |
|---|---|---|---|---|---|---|---|---|---|---|---|---|---|---|---|---|---|
| Dewey Decimal Classification | Central Library | Central Library | First floor | 21/08/2006 | 40.00 | 658.1511 SHA | 000003393 | 05/04/2026 | 50.00 | Book - Borrowing |